000 012270000a22002290004500
020 _a84-206-1193-X
041 0 _aSPA
082 0 4 _aG 131.34 F8891q
100 1 _aFreud, Sigmund (1856-1939)
245 1 0 _aPsicología de las masas. Más allá del principio del placer. El porvenir de una ilusión / Sigmung Freud ; Luis López-Ballesteros y de Torres, Traductor
250 _a4
260 _aMadrid, España : Alianza
300 _a205 Pag.
500 _aTítulo original : Massenpsychologie und Ich-analyse. Jenseits des lustprinzips. Die zukunft einer illusion
505 0 0 _apsicología de las masas -- al alma colectiva, según Le Bon -- otras concepciones de la vida anímica colectiva -- sugestión y libido -- dos masas artificiales: la iglesia y el ejército -- otros problemas y orientaciones -- la identificación -- enamoramiento e hipótesis -- el instinto gregario -- la masa y la horda primitiva -- una fase del "yo" -- consideraciones suplementarias -- más allá del principio del placer -- el provenir de una ilusión.
650 1 4 _aPSICOLOGIA SOCIAL
001 651
942 _cBK
999 _c32137
_d32137
336 _atexto
_btxt
_2rdacontent
337 _2rdamedia
_asin mediación
_bn
338 _2rdacarrier
_avolumen
_bnc